000 00327nam a22001457a 4500
008 210426b ||||| |||| 00| 0 eng d
020 _a9780070963351
041 _aeng
080 _22nd
_a331.101.262
082 _a331.101.262
100 _a52
101 _aBNJ
245 _aCompensation
_cMilkovich,G.T
942 _2udc
_cBK
999 _c56703
_d56703